01615nab a22002657a 4500999001500000003000400015005001700019008004100036040000700077100003200084245029700116260007300413300001300486500004500499505038800544505008900932650003501021650002601056650003101082650001901113650002701132650002801159773014901187942001301336 c5515d5515OSt20251210152821.0190604e xxu||||| |||| 00| 0 spa d cPJ 94799aIturbide, Gabriela A.13aHipotecas divisibles e inscripción de boletos de compraventa. Análisis de la resolución conjunta 2/2025 y de las disposiciones técnico-registrales 10/2025, 11/2025 y 14/2025 del Registro de la Propiedad Inmueble de la Capital Federal • Iturbide, Gabriela A. • cGabriela Iturbide. aCiudad Autónoma de Buenos Aires :bThomson Reuters La Ley, c2025. ap. 16-25 aCita Online: TR LALEY AR/DOC/2385/2025.  aSumario: I. Introducción.— II. La res. conjunta 2/2025.— III. La disposición técnico-registral 10/2025.— IV. La disposición técnico-registral 11 del Registro de la Propiedad Inmueble de la Capital Federal del 28 de julio de 2025.— V. La disposición técnico-registral 14/2025 del Registro de la Propiedad Inmueble de la Capital Federal.— VI. Nuestra opinión. t¿Te interesa el texto completo? Solicitalo al correo: koha@justierradelfuego.gov.ar 091497aCODIGO CIVIL Y COMERCIAL 091821aDERECHOS REALES 092309aPROPIEDAD HORIZONTAL 091819aHIPOTECA 092274aBIENES INMUEBLES 096053aESCRITURA PUBLICA0 0271493171dCiudad Autónoma de Buenos Aires : Thomson Reuters La Ley, 2014-tRevista anales de legislación argentina. Nº 10 - Octubre 2025. 2udccANA